| 000 | 00600nam a22001697a 4500 | ||
|---|---|---|---|
| 020 | _qHard Cover. | ||
| 082 | _a330 | ||
| 100 | _aSaeed, Amina | ||
| 245 |
_aSOCIOECONOMIC DETERMINANTS OF SCHOOL CHOICE: PRIVATE VS PUBLIC / _cAmina Saeed, Hadiqa Zeeshan and Zarrar Haider Malik. |
||
| 260 |
_aIslamabad: _bS3H - NUST, _c2019. |
||
| 300 |
_a40 p. : _bill. ; _c30cm. |
||
| 650 |
_aEconomics BS-Project Report. _927430 |
||
| 700 |
_aDr, Saeeda Batool _927473 |
||
| 856 | _uhttp://10.250.8.41:8080/xmlui/handle/123456789/3319 | ||
| 942 |
_2ddc _cPR |
||
| 999 |
_c533530 _d533530 |
||